01608nam a22003257a 45000050016000000080041000160100015000570200026000720350013000980370013001110400013001240420008001370820020001451000034001652450127001992600039003262700078003653000024004435000051004675050327005186500047008456500036008926510053009286510049009817000036010307000023010669420030010899990017011199520146011362011112204404.0111122t xxu||||| |||| 00| 0 eng d aENG-104160 a9788132106517c795.00 aEN-87693 bDBAD/PUB aDPLbEng apcc00a330.95405322231 aKishore, Adarshd1946-93598014aThe global economic crisis through an indian looking glass /cby Adarsh Kishore, Michael Debabrata Patra [and] Partha Ray aNew DelhibSAGE Publicationsc2011 aB1/I-1 Mohan Cooperative Industrial Area Mathura bRoadbNew Delhie110044 axx,318p.c23cm (Hb) aIncludes bibliographical references and index.0 aIntroduction -- Origin of the crisis -- Proximate causes of the crisis -- Impact of the crisis -- Impact on India -- The policy response -- Lessons from the crisis and the way forward -- Annexure I: causes of the financial crisis -- Annexure II: the global financial crisis : a chronology of major events (2007-July 2010). 0aGlobal Financial Crisis, 2008-2009.935981 0aFinancial criseszIndia.935982 0aIndiaxEconomic conditionsy21st century.935983 0aIndiaxEconomic policyy21st century.9359841 aPatra, Michael Debabrata9359851 aRay, Partha935986 2ddccENh330.9540532mKIS c58587d58587 00102ddc40718NFICaDBADbDBADd2011-11-22eDBAD/PUBg795.00l0o330.9540532 KISpEN-87693r2011-11-22 00:00:00t1v795.00w2011-11-22yEN